Statistics for The Office Employees

Click here to take the quiz!

General Stats

  • This quiz has been taken 1,428 times
  • The average score is 29 of 35

Answer Stats

HintAnswer% Correct
ReceptionistsPam Beesly
100%
Pam Beesly
100%
Jim Halpert
99%
Jim Halpert
99%
AccountantsAngela Martin
98%
SalemenDwight Schrute
98%
Dwight Schrute
98%
Regional ManagersMichael Scott
98%
Michael Scott
98%
Kevin Malone
97%
Oscar Martinez
97%
Quality AssuranceCreed Bratton
96%
Creed Bratton
96%
Human ResourcesToby Flenderson
96%
Andy Bernard
95%
Andy Bernard
95%
Customer ServiceKelly Kapoor
95%
Stanley Hudson
93%
Ryan Howard
92%
Ryan Howard
92%
Kelly (Erin) Hannon
90%
Phyllis Lapin
87%
Holly Flax
86%
Supplier RelationsMeredith Palmer
86%
Traveling SalesmenTodd Packer
77%
Robert California
66%
Karen Filippelli
62%
Special Projects ManagerNellie Bertram
59%
Nellie Bertram
59%
Deangelo Vickers
53%
Pete Miller
52%
Clark Green
42%
Charles Minor
41%
Danny Cordray
32%
Ronni
31%

Score Distribution

Percentile by Number Answered

Percent of People with Each Score

Your Score History

You have not taken this quiz